000 01035nam0a2200313 i 4500
001 RU\NLR\BIBL_A\010746115
005 20240726102701.0
010 _a9785317048822
_950
021 _aRU
_b2015-22720
_91352
035 _a(NILC)RuMoRGB-007898289
035 _a(NLR Aleph) 010746115
090 _a9924406
_c9924406
100 _a20150508d2014 um y0rusy50 ca
101 0 _arus
102 _aRU
105 _aa|||z||||00ay
200 1 _aCredo
_eсборник стихотворений
_fЕ. Е. Звонова
_g[ил.: Дарья Дзикевич]
210 _aМосква
_cМАКС Пресс
_d2014
215 _a27, [1] с.
_cцв. ил.
_d21
686 2 _aШ6(2=Р)8-5
700 1 _aЗвонова
_bЕ. Е.
_f1989-
_gЕкатерина Евгеньевна
702 1 _aДзикевич
_bД.
_gДарья
_4040
801 0 _aRU
_bРГБ
_c20150326
_gRCR
942 _cBOOK
980 _aNBR